Farm tractor: (Record no. 9110)

MARC details
000 -LEADER
fixed length control field 00557nac a22001811u 4500
020 ## - INTERNATIONAL STANDARD BOOK NUMBER
International Standard Book Number 8186308601
082 ## - DEWEY DECIMAL CLASSIFICATION NUMBER
Classification number 629.225
Item number JAI
090 ## - LOCALLY ASSIGNED LC-TYPE CALL NUMBER (OCLC); LOCAL CALL NUMBER (OCLC)
-- 9110
-- 9110
100 ## - MAIN ENTRY--PERSONAL NAME
Personal name Jain, S. C.
245 ## - TITLE STATEMENT
Title Farm tractor:
Remainder of title Maintenance and repair/
Statement of responsibility, etc S. C. Jain and C. R. Rai
260 ## - PUBLICATION, DISTRIBUTION, ETC. (IMPRINT)
Place of publication, distribution, etc New Delhi:
Name of publisher, distributor, etc Standard publishers,2001
Date of publication, distribution, etc 2001
300 ## - PHYSICAL DESCRIPTION
Extent 272 p.:
Other physical details ill.;
Dimensions 23 cm.
500 ## - GENERAL NOTE
General note distriuter: Al-Ahram
511 ## - PARTICIPANT OR PERFORMER NOTE
Participant or performer note catalogued by: wessam
650 ## - SUBJECT ADDED ENTRY--TOPICAL TERM
Topical term or geographic name as entry element Farm tractors
700 ## - ADDED ENTRY--PERSONAL NAME
Personal name C. R. Rai
942 ## - ADDED ENTRY ELEMENTS (KOHA)
Item type Book - Borrowing
Call number prefix 629.225JAI
Holdings
Withdrawn status Item status Damaged status Not for loan Home library Current library Shelving location Date acquired Source of acquisition Total Checkouts Full call number Barcode Date last seen Koha item type
        Central Library Central Library First floor 08/04/2014 Purchase   629.225JAI 000011049 15/07/2025 Book - Borrowing